Statistics for 1960年の都内の駅乗降客数TOP60

Click here to take the quiz!

General Stats

  • This quiz has been taken 301 times
  • The average score is 47 of 60

Answer Stats

順位駅名乗降客数% Correct
1新宿1189540
100%
3渋谷1144976
100%
2池袋1188594
100%
12品川267544
99%
4東京747341
99%
5新橋409863
99%
7上野336155
99%
30秋葉原125989
98%
6有楽町387355
96%
18日暮里168681
95%
14目黒240514
95%
9神田283836
94%
10高田馬場278297
94%
56浜松町71115
93%
8蒲田327511
92%
26中野151739
92%
13御茶ノ水252272
91%
25北千住156257
91%
27田町149784
91%
16五反田204030
88%
44巣鴨96808
88%
20赤羽162947
88%
21御徒町162288
88%
49大塚84355
87%
34錦糸町118460
87%
58恵比寿69037
86%
33四ツ谷121518
86%
31荻窪124988
86%
29浅草138700
86%
15大井町223697
86%
23大森160333
86%
38立川106496
85%
24飯田橋156880
84%
17吉祥寺185284
83%
52駒込76508
82%
47田端86271
82%
43三鷹99356
82%
60目白67954
82%
40国分寺101634
79%
19水道橋167901
79%
42高円寺99689
76%
45新小岩95710
72%
50銀座82144
70%
39小岩102461
69%
48西荻窪85359
68%
35浅草橋111314
68%
36王子106860
66%
55市ケ谷71487
66%
28亀戸145647
63%
32下北沢123757
60%
53東中野75584
59%
59武蔵境68845
56%
54日本橋74787
52%
22明大前161155
49%
46阿佐ケ谷93706
48%
11赤坂見附275672
46%
57東十条69269
41%
51青砥79390
19%
41京浜蒲田100471
10%
37西銀座106752
8%

Score Distribution

Percentile by Number Answered

Percent of People with Each Score

Your Score History

You have not taken this quiz